Nebraska Counties in 1854 (Map) - Statistics

General Stats
  • This quiz has been taken 24 times
  • The average score is 6 of 11
Answers on the Map
Answers color-coded by a green-red scale on the quiz's map according to % correct below.
 
Answer Stats
Historic County % Correct
Douglas
88%
Washington
82%
Washington
82%
Cass
71%
Richardson
59%
Richardson
59%
Dodge
53%
Burt
41%
Forney
12%
Forney
12%
Pierce
12%
No matching quizzes found
Score Distribution
Percent of People with Each Score
Percentile by Number Answered
Your Score History
You have not taken this quiz